| 000 | 00701cam a2200205 a 4500 | ||
|---|---|---|---|
| 020 | _a0132368684 | ||
| 020 | _a9780132368681 | ||
| 082 | 0 | 0 |
_a624.151 _bCOD _cMCEl-38, P-123 |
| 100 | 1 |
_aCoduto, Donald P. _923335 |
|
| 245 | 1 | 0 |
_aGeotechnical engineering : _bprinciples and practices / _cDonald P. Coduto, Man-chu Ronald Yeung, William A. Kitch. |
| 250 | _a2nd ed. | ||
| 260 |
_aUpper Sadddle River : _bPearson, _cc2011. |
||
| 300 |
_axx, 794 p. : _bill. ; _c24 cm. |
||
| 526 |
_a0 _b0 _c0 _d624_151000000000000_COD |
||
| 526 |
_a0 _b0 _c0 _d624_151000000000000_COD |
||
| 650 | 0 | _aGeotechnical engineering. | |
| 700 | 1 |
_aKitch, William A. _930422 |
|
| 700 | 1 |
_aYeung, Man-Chung, _951535 |
|
| 942 |
_2ddc _cBK |
||
| 999 |
_c554224 _d554224 |
||